[Event "Verseau U1400"]
[Site "Chambly CAN"]
[Date "2026.03.04"]
[Round "4.13"]
[White "Monette, Andre"]
[Black "Savard, Alain"]
[Result "0-1"]
[WhiteElo "1098"]
[BlackElo "1124"]
[WhiteFideId "-1"]
[BlackFideId "-1"]
[PlyCount "114"]
[GameId "2291171837780046"]
[EventDate "2026.02.11"]
[EventType "swiss"]
[EventRounds "5"]
[EventCountry "CAN"]

1. e4 e6 2. Nf3 d5 3. e5 c5 4. d4 Nc6 5. Bb5 cxd4 6. Bxc6+ bxc6 7. Nxd4 Bd7 8. Be3 Ne7 9. O-O Ng6 10. Nd2 Nxe5 11. N2f3 Nc4 12. Bc1 Bd6 13. b3 Nb6 14. Bg5 Qc7 15. Re1 c5 16. Nf5 O-O 17. Ng3 h6 18. Bc1 Rac8 19. Bb2 f6 20. Qd3 Bxg3 21. fxg3 c4 22. Qd4 Qc5 23. Bc3 Qxd4+ 24. Bxd4 Rc7 25. c3 Ra8 26. Nd2 e5 27. Be3 cxb3 28. axb3 Nc8 29. c4 d4 30. Bf2 Nd6 31. Rec1 Nb7 32. b4 Be6 33. Ra6 Nd8 34. c5 Nc6 35. b5 Nb4 36. Rxe6 Nd3 37. Rc4 Nxc5 38. Rc6 Rxc6 39. bxc6 Ne6 40. h3 Nc7 41. g4 Kf7 42. h4 Ke6 43. Be1 Kd5 44. Rc1 Rb8 45. Rb1 Rxb1 46. Nxb1 Kxc6 47. Bb4 g6 48. Kf2 Nd5 49. Bd2 g5 50. h5 e4 51. Ba5 e3+ 52. Ke2 Nf4+ 53. Kf1 Kd5 54. Kg1 Ke4 55. Be1 f5 56. Nd2+ exd2 57. Bxd2 fxg4 0-1

[Event "Verseau U1400"]
[Site "Chambly CAN"]
[Date "2026.03.04"]
[Round "4.14"]
[White "Barrette, Mathieu"]
[Black "Maillette, Felix"]
[Result "1-0"]
[WhiteElo "1174"]
[BlackElo "878"]
[WhiteFideId "-1"]
[BlackFideId "-1"]
[PlyCount "45"]
[GameId "2291171837780047"]
[EventDate "2026.02.11"]
[EventType "swiss"]
[EventRounds "5"]
[EventCountry "CAN"]

1. d4 d5 2. c4 e6 3. Nf3 Bd6 4. Nc3 Nf6 5. c5 Be7 6. Bf4 Nc6 7. Nb5 O-O 8. Nxc7 Rb8 9. Nb5 Ne4 10. Bxb8 e5 11. Bxe5 Nxe5 12. Nxe5 Bf6 13. b4 a6 14. f3 Bh4+ 15. g3 Bh3 16. fxe4 Bxf1 17. Rxf1 dxe4 18. gxh4 e3 19. Qd3 Qxh4+ 20. Kd1 Qg5 21. Nd6 b6 22. c6 Rd8 23. Ne4 1-0

[Event "Verseau U1400"]
[Site "Chambly CAN"]
[Date "2026.03.11"]
[Round "5.5"]
[White "Morasse, Daniel"]
[Black "De Guise, Ronald"]
[Result "1-0"]
[WhiteElo "1313"]
[BlackElo "1261"]
[WhiteFideId "-1"]
[BlackFideId "-1"]
[PlyCount "139"]
[GameId "2291171837792341"]
[EventDate "2026.02.11"]
[EventType "swiss"]
[EventRounds "5"]
[EventCountry "CAN"]

1. e3 e5 2. d4 e4 3. c4 c6 4. Nc3 d5 5. cxd5 cxd5 6. Nge2 Bg4 7. Qb3 Be6 8. Nf4 Nf6 9. Qxb7 Nbd7 10. Nfxd5 Nxd5 11. Nxd5 Bd6 12. Bb5 O-O 13. Bxd7 Bxd7 14. Nc3 Bf5 15. Qb3 Qg5 16. g3 Qg4 17. Qd1 Qh3 18. Qe2 Bg4 19. Qf1 Qh5 20. h3 Bf3 21. Rg1 Rab8 22. g4 Qh4 23. Nd5 Bh2 24. Rh1 Bxh1 25. Qxh1 Bd6 26. Nc3 Rbe8 27. Bd2 f5 28. gxf5 Rxf5 29. O-O-O Rf3 30. Qf1 Rxh3 31. Qc4+ Kh8 32. Qc6 Qd8 33. Kb1 Rh6 34. Qa4 Rf8 35. Nxe4 Re6 36. Nxd6 Qf6 37. Nc4 Qxf2 38. Ne5 Qf5+ 39. Ka1 Qh5 40. a3 h6 41. Rc1 Qe2 42. Qb4 Rf1 43. Rxf1 Qxf1+ 44. Ka2 Rb6 45. Qc3 Qf5 46. b3 h5 47. Qc4 Qf2 48. Nf7+ Kh7 49. Ng5+ Kg6 50. Ne4 Qg2 51. Qd3 Kh6 52. Nc3 g5 53. e4 h4 54. Nd5 Re6 55. Ne3 Qxe4 56. Qc3 h3 57. d5 Rd6 58. Qh8+ Kg6 59. Qxh3 Qd3 60. Qg2 Rb6 61. b4 Ra6 62. Bc1 Qd4 63. Qc2+ Kf7 64. Qh7+ Qg7 65. Qf5+ Qf6 66. Qd3 Rd6 67. Bb2 Qf2 68. Qh7+ Ke8 69. Nf5 Rd7 70. Qg8# 1-0

[Event "Verseau U1400"]
[Site "Chambly CAN"]
[Date "2026.03.11"]
[Round "5.6"]
[White "Tazi, Mohammed"]
[Black "Alameddine, Karim"]
[Result "1-0"]
[WhiteElo "1267"]
[BlackElo "1376"]
[WhiteFideId "-1"]
[BlackFideId "-1"]
[PlyCount "111"]
[GameId "2291171837792342"]
[EventDate "2026.02.11"]
[EventType "swiss"]
[EventRounds "5"]
[EventCountry "CAN"]

1. e4 e5 2. Nf3 d6 3. Bc4 h6 4. h3 Nf6 5. Nc3 c6 6. d3 a6 7. a3 g6 8. Bd2 Bg7 9. Rb1 O-O 10. O-O Kh7 11. Nh2 Nbd7 12. f4 exf4 13. Rxf4 Ne5 14. Bb3 Nh5 15. Rf2 b5 16. d4 Nc4 17. Bc1 Bb7 18. Ng4 Nf6 19. Ne3 d5 20. e5 Ng8 21. Bxc4 bxc4 22. Ne2 Bc8 23. Nf4 Ne7 24. Ng4 Nf5 25. Qd2 Qh4 26. Rf3 Ng3 27. Qf2 Nf5 28. g3 Qe7 29. c3 Rb8 30. Qc2 c5 31. Ne2 cxd4 32. cxd4 Be6 33. Qd2 Rh8 34. Nf6+ Bxf6 35. exf6 Qf8 36. Nf4 Bd7 37. Ng2 Nd6 38. Nf4 Ne4 39. Qg2 Qd6 40. Ne2 Nxf6 41. Bf4 Qe7 42. Bxb8 Rxb8 43. Qf2 Rb6 44. Nc3 Kg7 45. Rf1 Bxh3 46. Nxd5 Rxb2 47. Nxe7 Rxf2 48. R1xf2 Nh5 49. Rxf7+ Kh8 50. Rf8+ Kh7 51. R2f7+ Ng7 52. Rg8 h5 53. Rfxg7+ Kh6 54. Rxg6+ Kh7 55. Nd5 Bf5 56. Nf6# 1-0

[Event "Verseau U1400"]
[Site "Chambly CAN"]
[Date "2026.03.11"]
[Round "5.8"]
[White "Coutu, Olivier"]
[Black "Barrette, Mathieu"]
[Result "1-0"]
[WhiteElo "1199"]
[BlackElo "1174"]
[WhiteFideId "-1"]
[BlackFideId "-1"]
[PlyCount "107"]
[GameId "2291171837796440"]
[EventDate "2026.02.11"]
[EventType "swiss"]
[EventRounds "5"]
[EventCountry "CAN"]

1. e4 g6 2. Bc4 Bg7 3. Nf3 Nf6 4. Nc3 O-O 5. O-O d6 6. d4 Nc6 7. Re1 Bg4 8. e5 dxe5 9. dxe5 Qxd1 10. Rxd1 Bxf3 11. Re1 Nd7 12. gxf3 Ndxe5 13. Bd5 Rad8 14. Bf4 Rxd5 15. Nxd5 Nxf3+ 16. Kg2 Nxe1+ 17. Rxe1 e5 18. Bg3 Rd8 19. c4 Rd7 20. Rd1 Rd6 21. b4 Kf8 22. c5 Rd8 23. a3 a6 24. Ne3 Rxd1 25. Nxd1 Nd4 26. a4 Nc2 27. b5 axb5 28. axb5 Na3 29. c6 b6 30. f4 f6 31. Nc3 Ke7 32. fxe5 fxe5 33. Bh4+ Bf6 34. Nd5+ Kd6 35. Nxf6 Nxb5 36. Bg3 Kxc6 37. Bxe5 Kc5 38. Nxh7 Kd5 39. Bg3 c5 40. Nf6+ Kd4 41. Bf2+ Kd3 42. Nd7 c4 43. Ne5+ Kc3 44. Bxb6 Kb3 45. Nxg6 c3 46. h4 c2 47. Be3 Nd6 48. Bf4 Nf5 49. h5 Kb2 50. Kf3 Nd4+ 51. Ke4 Ne6 52. Be3 Nc5+ 53. Kf5 Nd7 54. h6 1-0

[Event "Verseau U1400"]
[Site "Chambly CAN"]
[Date "2026.03.11"]
[Round "5.9"]
[White "Tse, Caitlin"]
[Black "Capotorto, Michele"]
[Result "1-0"]
[WhiteElo "1044"]
[BlackElo "906"]
[WhiteFideId "-1"]
[BlackFideId "-1"]
[PlyCount "55"]
[GameId "2291171837796441"]
[EventDate "2026.02.11"]
[EventType "swiss"]
[EventRounds "5"]
[EventCountry "CAN"]

1. e4 e5 2. Nf3 Nc6 3. Bc4 Bc5 4. d3 Nf6 5. Bg5 O-O 6. O-O h6 7. Bh4 Be7 8. Nbd2 d6 9. Re1 Be6 10. c3 Qd7 11. d4 Bh3 12. gxh3 Qxh3 13. Bg3 a6 14. a3 b5 15. Ba2 Ng4 16. Bd5 Bg5 17. Bxc6 Rad8 18. Nxg5 hxg5 19. Nf3 g6 20. Nxg5 Qh6 21. Qxg4 f6 22. Ne6 f5 23. exf5 Rxf5 24. Nxd8 Kg7 25. dxe5 Qg5 26. Ne6+ Kh6 27. Nxg5 Rxg5 28. Bf4 1-0

[Event "Verseau U1400"]
[Site "Chambly CAN"]
[Date "2026.03.11"]
[Round "5.10"]
[White "Maillette, Felix"]
[Black "Monette, Andre"]
[Result "0-1"]
[WhiteElo "878"]
[BlackElo "1098"]
[WhiteFideId "-1"]
[BlackFideId "-1"]
[PlyCount "100"]
[GameId "2291171837796442"]
[EventDate "2026.02.11"]
[EventType "swiss"]
[EventRounds "5"]
[EventCountry "CAN"]

1. e4 e5 2. Nf3 Nc6 3. Nc3 a6 4. Bc4 Be7 5. O-O Nf6 6. Re1 O-O 7. Nd5 d6 8. Nxe7+ Qxe7 9. h3 Na5 10. Qe2 b5 11. Bd5 c6 12. Bb3 Bb7 13. Nh4 c5 14. Nf5 Qd7 15. Qd3 c4 16. Qxd6 Qxd6 17. Nxd6 Bc6 18. d4 cxb3 19. Bd2 Nc4 20. Nxc4 bxc4 21. Bb4 Rfe8 22. d5 a5 23. Bc3 Bb7 24. axb3 cxb3 25. cxb3 h6 26. Bxa5 Nd7 27. Bb4 Rxa1 28. Rxa1 Ra8 29. Rc1 Rc8 30. Rxc8+ Bxc8 31. Bd6 g6 32. f4 f6 33. g4 Ba6 34. f5 Bd3 35. b4 Bxe4 36. fxg6 Bxg6 37. b5 Be4 38. Bc7 Bxd5 39. b6 Kg7 40. Kf2 Kg6 41. Ke3 Kg5 42. Kd3 Kh4 43. Kc3 Kxh3 44. Kb4 Kxg4 45. Ka5 Bb7 46. Kb4 h5 47. Kc4 h4 48. Kd3 h3 49. Ke2 h2 50. Bxe5 Nxe5 0-1

[Event "Verseau hors-councours"]
[Site "Chambly CAN"]
[Date "2026.03.11"]
[Round "5"]
[White "Costa, Esteban"]
[Black "Hebert, Sebastien"]
[Result "0-1"]
[WhiteElo "1023"]
[BlackElo "1396"]
[WhiteFideId "-1"]
[BlackFideId "-1"]
[PlyCount "78"]
[GameId "2291171837800539"]
[EventDate "2026.02.11"]
[EventType "swiss"]
[EventRounds "5"]
[EventCountry "CAN"]

1. e4 e5 2. Nf3 Nc6 3. Nc3 Nf6 4. Bc4 h6 5. O-O Be7 6. Re1 O-O 7. Nd5 d6 8. Nxe7+ Nxe7 9. h3 b6 10. b3 Bb7 11. d3 c6 12. a4 Qd7 13. b4 Ng6 14. Kh2 d5 15. exd5 cxd5 16. Bb5 Qd6 17. g3 a6 18. d4 e4 19. Bf1 exf3 20. Ba3 Qd7 21. Qxf3 Ne4 22. Bd3 Rfe8 23. Bxe4 dxe4 24. Qd1 Qxa4 25. d5 Rad8 26. d6 Rd7 27. Re2 Qc6 28. b5 axb5 29. Qd4 Qc4 30. Qxc4 bxc4 31. Rd1 Ra8 32. Bb2 Ra6 33. Re3 b5 34. Ra3 Raxd6 35. Rxd6 Rxd6 36. Ra5 Rd5 37. Kg1 Rd1+ 38. Kh2 e3 39. Ra1 e2 0-1

[Event "Victoria-ch"]
[Site "Victoria CAN"]
[Date "2026.01.09"]
[Round "1.1"]
[White "Zarikoff, Nikolai"]
[Black "Lai, Duc Minh"]
[Result "0-1"]
[WhiteElo "1731"]
[BlackElo "2301"]
[WhiteFideId "-1"]
[BlackFideId "-1"]
[PlyCount "48"]
[GameId "2276384372491026"]
[EventDate "2026.01.09"]
[EventType "swiss"]
[EventRounds "5"]
[EventCountry "CAN"]

1. e4 c5 2. Nf3 Nc6 3. d4 cxd4 4. Nxd4 g6 5. Nc3 Bg7 6. Be3 Nf6 7. f3 O-O 8. Qd2 d5 9. Nxc6 bxc6 10. O-O-O Qc7 11. exd5 cxd5 12. Nxd5 Nxd5 13. Qxd5 Bf5 14. Bd3 Rab8 15. b3 Qc3 16. Qc4 Qb2+ 17. Kd2 Bxd3 18. Bd4 Bxd4 19. Qxd3 Rbc8 20. Rc1 Rc3 21. Qe4 Be3+ 22. Qxe3 Rd8+ 23. Ke2 Rxe3+ 24. Kxe3 Qd4+ 0-1

[Event "Victoria-ch"]
[Site "Victoria CAN"]
[Date "2026.01.09"]
[Round "1.2"]
[White "Sali, Zulficar"]
[Black "Leblanc, Paul"]
[Result "1-0"]
[WhiteElo "2279"]
[BlackElo "1707"]
[WhiteFideId "-1"]
[BlackFideId "-1"]
[PlyCount "61"]
[GameId "2276384372495123"]
[EventDate "2026.01.09"]
[EventType "swiss"]
[EventRounds "5"]
[EventCountry "CAN"]

1. e4 c6 2. d4 d5 3. e5 a6 4. Bd3 c5 5. c3 Nc6 6. Be3 e6 7. Nf3 cxd4 8. cxd4 Bb4+ 9. Nbd2 Nge7 10. a3 Bxd2+ 11. Bxd2 Nf5 12. Bc3 Qb6 13. Qd2 Bd7 14. Qf4 h6 15. h4 O-O-O 16. O-O-O g6 17. g4 Nfe7 18. Kb1 Kb8 19. Rc1 Ka8 20. Rhd1 Rdf8 21. Be2 Qa7 22. Ne1 Qb8 23. Qe3 f5 24. exf6 Rxf6 25. Nd3 Bc8 26. Be1 b6 27. Rc3 h5 28. Rdc1 Qb7 29. Ne5 Bd7 30. Bxa6 Qxa6 31. Nxd7 1-0

[Event "Victoria-ch"]
[Site "Victoria CAN"]
[Date "2026.01.09"]
[Round "1.3"]
[White "Beech, Austin"]
[Black "Patterson, Roger"]
[Result "0-1"]
[WhiteElo "1699"]
[BlackElo "2055"]
[WhiteFideId "-1"]
[BlackFideId "-1"]
[PlyCount "60"]
[GameId "2276384372495124"]
[EventDate "2026.01.09"]
[EventType "swiss"]
[EventRounds "5"]
[EventCountry "CAN"]

1. e4 c5 2. Nc3 e6 3. d4 cxd4 4. Qxd4 Nc6 5. Qe3 Qc7 6. Nb5 Qb8 7. Qg3 d6 8. Bd3 a6 9. Nc3 Nf6 10. f4 b5 11. a3 Bb7 12. Nf3 Qc7 13. O-O O-O-O 14. Bd2 d5 15. Rfd1 dxe4 16. Nxe4 Nxe4 17. Bxe4 Bc5+ 18. Kh1 g6 19. b4 Bd6 20. c4 bxc4 21. Rac1 f5 22. Bxc6 Qxc6 23. Bc3 Rhf8 24. Nd4 Qe4 25. Rf1 e5 26. Rfe1 exf4 27. Rxe4 fxg3 28. Ree1 Bf4 29. Rcd1 Rfe8 30. Re6 Rxe6 0-1

[Event "Victoria-ch"]
[Site "Victoria CAN"]
[Date "2026.01.09"]
[Round "1.4"]
[White "McLaren, Brian"]
[Black "Shumeyko, Denis"]
[Result "1/2-1/2"]
[WhiteElo "2049"]
[BlackElo "1694"]
[WhiteFideId "-1"]
[BlackFideId "-1"]
[PlyCount "116"]
[GameId "2276384372495125"]
[EventDate "2026.01.09"]
[EventType "swiss"]
[EventRounds "5"]
[EventCountry "CAN"]

1. g3 e5 2. Nf3 e4 3. Nd4 d5 4. Bg2 Nf6 5. d3 c5 6. Nb3 exd3 7. cxd3 Be7 8. O-O O-O 9. Nc3 h6 10. Bf4 Nc6 11. e4 dxe4 12. dxe4 Bg4 13. f3 Be6 14. Be3 b6 15. h3 Ne5 16. f4 Nc4 17. Bc1 Qxd1 18. Nxd1 Rad8 19. Re1 Rd3 20. f5 Bc8 21. Bf1 Ne5 22. Bxd3 Nxd3 23. Re2 c4 24. Nd2 Bc5+ 25. Kf1 Re8 26. Nc3 Bb7 27. Nxc4 Ba6 28. Nd2 Bd6 29. a3 Bxg3 30. b4 Nf4 31. b5 Nxe2 32. Kxe2 Be5 33. bxa6 Bxc3 34. Ra2 Bxd2 35. Kxd2 Nxe4+ 36. Kd3 Nc5+ 37. Kc4 Nxa6 38. Rg2 Kh7 39. Bb2 g5 40. fxg6+ fxg6 41. Bd4 Re7 42. h4 Nc7 43. Rf2 g5 44. hxg5 hxg5 45. Rf6 Ne6 46. Be5 Nc5 47. Bd4 Rd7 48. Be3 Rg7 49. Kb5 g4 50. a4 Nb7 51. Ka6 Na5 52. Rh6+ Kg8 53. Bd4 Rd7 54. Rg6+ Kf7 55. Rxg4 Nc6 56. Rg7+ Ke6 57. Rxd7 Kxd7 58. Bxb6 axb6 1/2-1/2

[Event "Victoria-ch"]
[Site "Victoria CAN"]
[Date "2026.01.09"]
[Round "1.5"]
[White "Kosinski, George"]
[Black "Lu, Karson"]
[Result "0-1"]
[WhiteElo "1683"]
[BlackElo "2035"]
[WhiteFideId "-1"]
[BlackFideId "-1"]
[PlyCount "74"]
[GameId "2276384372499222"]
[EventDate "2026.01.09"]
[EventType "swiss"]
[EventRounds "5"]
[EventCountry "CAN"]

1. c4 c6 2. g3 d5 3. Nf3 Nf6 4. Bg2 Bf5 5. cxd5 cxd5 6. Qb3 Qc7 7. Nc3 e6 8. d3 Nc6 9. O-O Be7 10. h3 O-O 11. Nh4 Bg6 12. Nxg6 hxg6 13. Bd2 a6 14. Rac1 Qd6 15. Rfd1 b5 16. Be3 Rac8 17. d4 Na5 18. Qc2 b4 19. Qd3 bxc3 20. b3 Qc6 21. Rc2 Qb5 22. Bc1 Nc6 23. Rxc3 Qxd3 24. Rcxd3 Rfd8 25. Bb2 Nb4 26. Ba3 Bf8 27. Bxb4 Bxb4 28. f3 Rc3 29. Kh2 Rdc8 30. Rxc3 Rxc3 31. e4 Rc2 32. e5 Nd7 33. a3 Bc3 34. b4 Nb6 35. h4 Nc4 36. Kh3 Rxg2 37. Rd3 Rc2 0-1

[Event "Victoria-ch"]
[Site "Victoria CAN"]
[Date "2026.01.09"]
[Round "1.7"]
[White "Pennie, Nicolas"]
[Black "Bulga, Tamir"]
[Result "0-1"]
[WhiteElo "1662"]
[BlackElo "1967"]
[WhiteFideId "-1"]
[BlackFideId "-1"]
[PlyCount "66"]
[GameId "2276384372503319"]
[EventDate "2026.01.09"]
[EventType "swiss"]
[EventRounds "5"]
[EventCountry "CAN"]

1. e4 c5 2. Nf3 e6 3. d4 cxd4 4. Nxd4 Nf6 5. Nc3 Nc6 6. Ndb5 Bb4 7. a3 Bxc3+ 8. Nxc3 d5 9. exd5 exd5 10. Bd3 O-O 11. O-O d4 12. Ne2 Qb6 13. h3 h6 14. Re1 Rd8 15. Rb1 Ne5 16. Nf4 Nxd3 17. Nxd3 Bf5 18. Qf3 Bh7 19. Bf4 Rac8 20. Rbc1 Nd5 21. Be5 f6 22. Bg3 Bxd3 23. Qxd3 Qxb2 24. Qe4 Nc3 25. Qg6 Ne2+ 26. Kh2 Kh8 27. Rb1 Qxc2 28. Qf7 b6 29. Qxa7 d3 30. Qa6 Nc3 31. Rbc1 d2 32. Rxc2 dxe1=Q 33. Qxb6 Ne2 0-1

[Event "Victoria-ch"]
[Site "Victoria CAN"]
[Date "2026.01.10"]
[Round "2.4"]
[White "Lu, Karson"]
[Black "Harris, Philip"]
[Result "1-0"]
[WhiteElo "2035"]
[BlackElo "1767"]
[WhiteFideId "-1"]
[BlackFideId "-1"]
[PlyCount "39"]
[GameId "2276384372511514"]
[EventDate "2026.01.09"]
[EventType "swiss"]
[EventRounds "5"]
[EventCountry "CAN"]

1. d4 Nf6 2. c4 e6 3. Nc3 Bb4 4. e3 b6 5. Bd2 Bb7 6. Nf3 O-O 7. Bd3 d5 8. cxd5 exd5 9. O-O Re8 10. Ne5 c5 11. a3 Bxc3 12. Bxc3 Ne4 13. Bxe4 dxe4 14. Qh5 Qe7 15. dxc5 bxc5 16. Ng4 Nd7 17. Rad1 Rac8 18. Rxd7 Qxd7 19. Nf6+ gxf6 20. Bxf6 1-0

[Event "Victoria-ch"]
[Site "Victoria CAN"]
[Date "2026.01.10"]
[Round "2.1"]
[White "Lai, Duc Minh"]
[Black "Mingrone, Peter"]
[Result "1-0"]
[WhiteElo "2301"]
[BlackElo "1863"]
[WhiteFideId "-1"]
[BlackFideId "-1"]
[PlyCount "75"]
[GameId "2276384372515611"]
[EventDate "2026.01.09"]
[EventType "swiss"]
[EventRounds "5"]
[EventCountry "CAN"]

1. d4 Nf6 2. Nf3 g6 3. c4 Bg7 4. g3 O-O 5. Bg2 d6 6. Nc3 a5 7. O-O Nc6 8. h3 e5 9. dxe5 Nxe5 10. Nxe5 dxe5 11. b3 c6 12. Ba3 Qxd1 13. Rfxd1 Re8 14. Na4 Nd7 15. Rd2 Bf8 16. Bxf8 Nxf8 17. Nb6 Rb8 18. c5 Be6 19. Rad1 f6 20. f4 Kf7 21. fxe5 fxe5 22. Kf2 Ke7 23. Ke3 Red8 24. Rxd8 Rxd8 25. Rxd8 Kxd8 26. Ke4 Nd7 27. Nxd7 Bd5+ 28. Kxe5 Bxg2 29. Kd6 Bxh3 30. Nf8 Bf5 31. Nxh7 Bb1 32. a3 Bc2 33. b4 axb4 34. axb4 Kc8 35. Ng5 Kb8 36. e4 Ka7 37. e5 Bf5 38. e6 1-0

[Event "Victoria-ch"]
[Site "Victoria CAN"]
[Date "2026.01.10"]
[Round "2.3"]
[White "Patterson, Roger"]
[Black "Climenhaga, Harold"]
[Result "1-0"]
[WhiteElo "2055"]
[BlackElo "1802"]
[WhiteFideId "-1"]
[BlackFideId "-1"]
[PlyCount "65"]
[GameId "2276384372515612"]
[EventDate "2026.01.09"]
[EventType "swiss"]
[EventRounds "5"]
[EventCountry "CAN"]

1. c4 c6 2. Nf3 Nf6 3. Nc3 d5 4. e3 e6 5. d4 Be7 6. Bd3 O-O 7. O-O Nbd7 8. e4 dxe4 9. Nxe4 c5 10. Nxc5 Nxc5 11. dxc5 Bxc5 12. Bg5 Be7 13. Qe2 Nd5 14. Bxe7 Nxe7 15. Rfd1 Qc7 16. h4 Qf4 17. g3 Qf6 18. Ne5 Ng6 19. Ng4 Qe7 20. h5 Nh8 21. Ne5 f6 22. Nf3 Nf7 23. Rd2 e5 24. Nd4 Rd8 25. Nf5 Bxf5 26. Bxf5 Rxd2 27. Qxd2 Rd8 28. Qc2 h6 29. Rd1 Rxd1+ 30. Qxd1 Qd6 31. Qa4 Qb8 32. Qd7 Nd8 33. Qe8# 1-0

[Event "Victoria-ch"]
[Site "Victoria CAN"]
[Date "2026.01.10"]
[Round "2.2"]
[White "Holmgren, Emilian"]
[Black "Sali, Zulficar"]
[Result "0-1"]
[WhiteElo "1809"]
[BlackElo "2279"]
[WhiteFideId "-1"]
[BlackFideId "-1"]
[PlyCount "112"]
[GameId "2276384372515613"]
[EventDate "2026.01.09"]
[EventType "swiss"]
[EventRounds "5"]
[EventCountry "CAN"]

1. e4 c5 2. Nf3 d6 3. Bb5+ Bd7 4. Bxd7+ Qxd7 5. d4 cxd4 6. Nxd4 Nc6 7. c4 g6 8. Nc3 Bg7 9. Be3 Nf6 10. f3 O-O 11. O-O Rac8 12. b3 Rfe8 13. Qd2 Qd8 14. Nxc6 bxc6 15. Bxa7 c5 16. Nb5 Nd7 17. Rad1 Ra8 18. a4 Qc8 19. Qa5 Qb7 20. Rfe1 Rec8 21. f4 Rc6 22. e5 Ra6 23. Qd2 R8xa7 24. exd6 e6 25. Qd3 Ra8 26. Re2 Rd8 27. Qh3 Nb8 28. Qh4 Qd7 29. Qf2 Rc6 30. g4 Rcc8 31. h3 Nc6 32. Qxc5 Nd4 33. Qxd4 Bxd4+ 34. Rxd4 Qc6 35. Re3 Rb8 36. b4 Qa6 37. c5 Qxa4 38. Nc3 Qa1+ 39. Rd1 Qa7 40. Rd4 Rxb4 41. Rxb4 Qxc5 42. Rbe4 Rxd6 43. Kg2 Rd2+ 44. Ne2 Kg7 45. g5 h6 46. h4 Qf5 47. Kg3 h5 48. Kf2 Rb2 49. Kf1 Qg4 50. Rg3 Rxe2 51. Rxg4 Rxe4 52. Rg3 Rxf4+ 53. Kg2 Rxh4 54. Kf3 Rg4 55. Rxg4 hxg4+ 56. Kxg4 e5 0-1

[Event "Victoria-ch"]
[Site "Victoria CAN"]
[Date "2026.01.10"]
[Round "2.5"]
[White "Manguerra, Raymond"]
[Black "Armstrong, David"]
[Result "0-1"]
[WhiteElo "1799"]
[BlackElo "2018"]
[WhiteFideId "-1"]
[BlackFideId "-1"]
[PlyCount "108"]
[GameId "2276384372519710"]
[EventDate "2026.01.09"]
[EventType "swiss"]
[EventRounds "5"]
[EventCountry "CAN"]

1. Nf3 Nf6 2. g3 d5 3. Bg2 e6 4. d3 Be7 5. O-O O-O 6. Nbd2 c5 7. e4 Nc6 8. Re1 h6 9. e5 Nh7 10. h4 b5 11. Nf1 a5 12. a4 bxa4 13. Rxa4 Bd7 14. c3 Qb6 15. Ra1 Rfb8 16. N3d2 Qc7 17. Qe2 a4 18. Nh2 Qb7 19. Bh3 Na7 20. Qh5 Be8 21. Qd1 Nb5 22. Nb1 Nc7 23. Nd2 Bb5 24. Ndf3 Bc6 25. Nd2 Ra7 26. f4 Nb5 27. Nb1 c4 28. d4 Rba8 29. f5 exf5 30. Bxf5 Bd7 31. Qf3 Bxf5 32. Qxf5 Nf8 33. Rf1 Bd8 34. Ng4 Qc6 35. Bxh6 gxh6 36. Nf6+ Bxf6 37. exf6 Qe6 38. Qf4 Re8 39. Rf2 Qe1+ 40. Kh2 Ng6 41. Qf3 Qe3 42. Qg2 Qe4 43. Nd2 Qxg2+ 44. Kxg2 a3 45. bxa3 Nxc3 46. Nf3 Ne4 47. Rb2 Nxf6 48. Rb6 Re6 49. Rb5 Re2+ 50. Kf1 Re3 51. Kg2 Rexa3 52. Rxa3 Rxa3 53. h5 Nxh5 54. Rb8+ Kg7 0-1

[Event "Victoria-ch"]
[Site "Victoria CAN"]
[Date "2026.01.10"]
[Round "2.14"]
[White "McLean, Taylor"]
[Black "Teklemariam, Hailay"]
[Result "1-0"]
[WhiteElo "1615"]
[BlackElo "1785"]
[WhiteFideId "-1"]
[BlackFideId "-1"]
[PlyCount "129"]
[GameId "2276384372519711"]
[EventDate "2026.01.09"]
[EventType "swiss"]
[EventRounds "5"]
[EventCountry "CAN"]

1. c4 e5 2. g3 Nf6 3. Bg2 Bc5 4. Nc3 c6 5. e3 O-O 6. d4 exd4 7. exd4 Re8+ 8. Nge2 Bb4 9. O-O h6 10. a3 Ba5 11. b4 Bc7 12. Bf4 d6 13. h3 Bf5 14. Qd2 Kh7 15. g4 Bg6 16. d5 cxd5 17. Nxd5 Nxd5 18. Bxd5 Nc6 19. Rfe1 Qf6 20. Nc3 a6 21. Rad1 Rad8 22. Ne4 Bxe4 23. Rxe4 g5 24. Bg3 Kg8 25. Qe2 Kf8 26. Re1 Rxe4 27. Qxe4 Ne5 28. Bxe5 dxe5 29. Re3 Rd7 30. Rf3 Qg7 31. Qf5 Ke8 32. Bxb7 e4 33. Qxe4+ Re7 34. Bc6+ Kf8 35. Qf5 Qa1+ 36. Kg2 Bf4 37. Bd5 Kg7 38. Be4 Qd4 39. Qh7+ Kf8 40. Qxh6+ Ke8 41. Qc6+ Kf8 42. Bd5 Kg7 43. Qxa6 Qa1 44. Rxf4 gxf4 45. Qd6 Re1 46. Kh2 Qd4 47. Qc5 Qe5 48. Kg2 Qe2 49. Qd4+ Kh7 50. Qxf4 Qf1+ 51. Kg3 Qd3+ 52. Kh4 Re7 53. Qf5+ Qxf5 54. gxf5 Ra7 55. b5 Rxa3 56. b6 Rb3 57. b7 Kg7 58. Bc6 Rb6 59. Bd5 Kf6 60. Kg4 Rb4 61. f4 Ke7 62. h4 f6 63. h5 Rb1 64. h6 Rg1+ 65. Kf3 1-0

[Event "Victoria-ch"]
[Site "Victoria CAN"]
[Date "2026.01.10"]
[Round "3.1"]
[White "Armstrong, David"]
[Black "Lai, Duc Minh"]
[Result "0-1"]
[WhiteElo "2018"]
[BlackElo "2301"]
[WhiteFideId "-1"]
[BlackFideId "-1"]
[PlyCount "110"]
[GameId "2276384372523808"]
[EventDate "2026.01.09"]
[EventType "swiss"]
[EventRounds "5"]
[EventCountry "CAN"]

1. e4 c5 2. Nf3 Nc6 3. Bb5 Nf6 4. e5 Nd5 5. O-O g6 6. Re1 Bg7 7. Nc3 Nc7 8. Bxc6 dxc6 9. Ne4 b6 10. Nf6+ Kf8 11. Ne4 Kg8 12. h3 h6 13. d3 Kh7 14. a4 a5 15. b3 Qd5 16. Bb2 Rd8 17. Ned2 Ne6 18. Nc4 Rb8 19. Qc1 Nd4 20. Nxd4 cxd4 21. Qf4 Be6 22. Re2 c5 23. Rae1 Rg8 24. Bc1 g5 25. Qe4+ Qxe4 26. Rxe4 Bh8 27. Kh2 Rg6 28. R4e2 h5 29. f3 Bd5 30. Kg3 Bg7 31. Bd2 Bh6 32. Bc1 Re6 33. Kf2 Kg6 34. g4 Rf8 35. Kg3 Rb8 36. Bd2 Rh8 37. Rf2 Bg7 38. Rfe2 Rb8 39. Kf2 Rf8 40. Kg3 Bh6 41. Bc1 h4+ 42. Kg2 Kg7 43. Rf2 f5 44. Ree2 Kg6 45. Kg1 Bg7 46. f4 fxg4 47. hxg4 gxf4 48. Bxf4 Kh7 49. Bh2 Bf3 50. Re1 Bxg4 51. Rxf8 Bxf8 52. Re4 Rg6 53. Kf2 Bh6 54. e6 Bd1 55. Rxh4 Rxe6 0-1

[Event "Victoria-ch"]
[Site "Victoria CAN"]
[Date "2026.01.10"]
[Round "3.2"]
[White "Sali, Zulficar"]
[Black "Bulga, Tamir"]
[Result "1/2-1/2"]
[WhiteElo "2279"]
[BlackElo "1967"]
[WhiteFideId "-1"]
[BlackFideId "-1"]
[PlyCount "88"]
[GameId "2276384372523809"]
[EventDate "2026.01.09"]
[EventType "swiss"]
[EventRounds "5"]
[EventCountry "CAN"]

1. e4 c5 2. Nf3 e6 3. Nc3 Nc6 4. d4 cxd4 5. Nxd4 Nf6 6. Nxc6 bxc6 7. e5 Nd5 8. Ne4 Bb7 9. Bd3 c5 10. O-O Qc7 11. Re1 c4 12. Bf1 Qxe5 13. Nc5 Qc7 14. Nxb7 Qxb7 15. Bxc4 Nf6 16. b3 Bb4 17. Re2 d5 18. Bd3 Bc3 19. Rb1 O-O 20. Re3 Qc7 21. Rh3 g6 22. Qf3 Be5 23. Bg5 Nd7 24. Qg4 f5 25. Qh4 Nf6 26. Kh1 Bc3 27. Re3 Ne4 28. Bxe4 dxe4 29. f3 Bd2 30. Re2 Qxc2 31. Qe1 Bxe1 32. Rxc2 Bb4 33. fxe4 Rac8 34. Rxc8 Rxc8 35. exf5 gxf5 36. Rc1 Rxc1+ 37. Bxc1 Bc5 38. g3 Kf7 39. Kg2 e5 40. Bd2 Ba3 41. Kf3 h5 42. Be3 a6 43. Bb6 Ke6 44. Ke3 Kd5 1/2-1/2